| 000 | 00626nam a22001817a 4500 | ||
|---|---|---|---|
| 999 |
_c371125 _d371125 |
||
| 008 | 201127b ||||| |||| 00| 0 eng d | ||
| 040 |
_aDE-2950 _bger _cDE-2950 _erda |
||
| 041 | _ager | ||
| 245 |
_aKränze am Kiliansberg niedergelegt. _b[Abschluss der Sanierungsarbeiten am Eisenbahnerdenkmal] |
||
| 264 | _c2021 | ||
| 653 | _aFrankfurt (Oder) | ||
| 653 | _aEisenbahnerdenkmal | ||
| 773 |
_dFrankfurt (Oder) Märkisches Verlags- und Druckhaus GmbH & Co KG _tMärkische Oderzeitung _g32. Jahrgang (2021) Nr. 268 vom 16.11.2021, S. 13 |
||
| 942 | _cA | ||